000 01292nam a2200349 i 4500
001 000017289
003 DO-SdBNP
005 20251008140512.0
007 ta
008 100322s1980 dr 000 f spa d
040 _aDO-SdBNP
_bspa
_cBNPHU
_erda
041 _aspa
082 4 _aRD863.44
_bV443n
_222
100 1 _aVeloz Maggiolo, Marcio,
_d1936-2021
_eautor
_4aut.
_91104
245 1 0 _aNovelas cortas /
_cMarcio Veloz Maggiolo.
264 1 _aSanto Domingo :
_bAlfa y Omega,
_c1980.
300 _avolumenes ;
_c18 cm.
336 _atexto
_btxt
_2rdacontent
337 _asin mediación
_bn
_2rdamedia
338 _avolumen
_bnc
_2rdacarrier
500 _aLa biblioteca posee el volumen 1
500 _aIncluye datos biográficos del autor en la contracubierta
505 0 _aLa vida no tiene nombre --
_tNosotros los suicidas --
_tLos ángeles de hueso.
590 _aInventariado, 2020 / DG
650 4 _aNovela dominicana
_9223
650 4 _aLiteratura dominicana.
_967
700 1 _aVeloz Maggiolo, Marcio,
_d1936-2021
_tLa vida no tiene nombre
_91104
700 1 _aVeloz Maggiolo, Marcio,
_d1936-2021
_tNosotros los suicidas
_91104
700 1 _aVeloz Maggiolo, Marcio,
_d1936-2021
_tLos ángeles de hueso
_91104
910 _aValidado. Control de calidad MMOLINA
942 _2ddc
_cLBS1
999 _c16814
_d16814